| 000 | 00385nam a2200169Ia 4500 | ||
|---|---|---|---|
| 100 | _aTalukder/Asoke K | ||
| 650 | _aMobile computing | ||
| 942 | _cBK | ||
| 366 | _f17.5 | ||
| 654 | _amobile computing | ||
| 245 | _aMobile computing:Technology | ||
| 260 |
_bTata Mc Graw hill _aNew Delhi _c2005 |
||
| 082 |
_a621.382/TAL _bTAL |
||
| 300 | _a668 | ||
| 546 | _aENGLISH | ||
| 999 |
_c27225 _d27225 |
||